000 00705nam a2200229Ii 4500
003 JO-AjNU
008 230605s9999||||xx |||||||||||||| ||und||
017 _a2009/6/2642
020 _a978-9957-32-013-3
040 _aJO-AjNU
_bara
_erda
_cJO-AjNU
041 _aara
050 1 4 _aHM131 .H37 2010
100 3 _aحريم، حسين,
_eauthor
_930278
245 0 0 _aادارة المنظمات: منظور كلي
250 _aط2
264 3 1 _aعمان: دار الحامد للنشر والتوزيع، 2010
300 _a337ص
336 _atext
_btxt
_2rdacontent
337 _aunmediated
_bn
_2rdamedia
338 _avolume
_bnc
_2rdacarrier
650 4 _aالمنظمات - الادارة
_930279
999 _aA11984
_c15552
_d15552